Statistieken voor typisch eten in landen

Klik hier om de quiz te nemen!

Algemene statistieken

  • Deze quiz is 86 keer genomen
  • De gemiddelde score is 9 van 14

Antwoordstatistieken

HintAntwoord% Correct
stokbroodfrankrijk
98%
frietjesbelgie
97%
kaasnederland
97%
pizzaitalie
94%
paellaspanje
89%
wiener schnitzelduitsland
88%
noedelschina
84%
mac and cheesevs
56%
vinho verdeportugal
48%
pão de quijobrazilie
44%
phovietnam
42%
vegemiteaustralie
36%
beondegizuid korea
27%
amasizuid afrika
14%

Scoreverdeling

Percentiel versus Aantal Correcte Antwoorden

Procent van Mensen met Elke Score

Uw Scoregeschiedenis

U heeft deze quiz nog niet genomen